| 000 | 00616nam a2200205 a 4500 | ||
|---|---|---|---|
| 005 | 20140310183212.0 | ||
| 008 | 030424s19uu xx 00 eng d | ||
| 020 | _a0023681004 | ||
| 050 |
_aT 58.6 _b.L376 1988 |
||
| 100 | _aLaudon, Kenneth C. | ||
| 245 |
_aManagement information systems : _ba contemporary perspective / _cKenneth C. Laudon. |
||
| 260 |
_aN.Y : _bMacmillan, _c1988. |
||
| 300 |
_a749 p. : _bill. col. ; _c25 cm. |
||
| 500 | _aIncludes index. | ||
| 521 | _aIT | ||
| 650 | _aManagement information systems. | ||
| 700 | _aLaudon, Jane Price, jt. aut. | ||
| 942 |
_cBK _2lcc _kFOR |
||
| 999 |
_c20163 _d20163 |
||